| 000 | 00624nam a2200181 i 4500 | ||
|---|---|---|---|
| 001 | 95539 | ||
| 003 | ES-MaACL | ||
| 005 | 20230906181727.0 | ||
| 007 | t| | ||
| 008 | 050531s1943 sp ||||1| spa d | ||
| 100 | 1 |
_aLlanos y Torriglia, Félix de, _d1868-1949 _972719 |
|
| 245 | 1 | 0 |
_aEn el hogar de los Reyes Católicos y cosas de sus tiempos / _cFélix de Llanos y Torriglia. |
| 260 |
_aMadrid : _bEdiciones Fax, _c1943. |
||
| 300 |
_a207 p., 2 h. con grab. inter. ; _c21 cm. |
||
| 651 |
_aEspaña- _xHistoria- _y1474-1516, Reyes Católicos. _98222 |
||
| 852 |
_aES-MaACL _jF-15669 _bR.20000 |
||
| 999 |
_c95539 _d95539 |
||